Database Systems: A Practical Approach Design,Implementation,and Management (Record no. 23548)
[ view plain ]
| 000 -LEADER | |
|---|---|
| fixed length control field | 00387nam a22001217a 4500 |
| 008 - FIXED-LENGTH DATA ELEMENTS--GENERAL INFORMATION | |
| fixed length control field | 131217b xxu||||| |||| 00| 0 eng d |
| 020 ## - INTERNATIONAL STANDARD BOOK NUMBER | |
| International Standard Book Number | 8178088614 |
| Terms of availability | Available |
| 050 ## - LIBRARY OF CONGRESS CALL NUMBER | |
| Classification number | 005.7CON |
| Item number | 000983 |
| 100 ## - MAIN ENTRY--PERSONAL NAME | |
| Miscellaneous information | PB 1236p |
| 245 ## - TITLE STATEMENT | |
| Title | Database Systems: A Practical Approach Design,Implementation,and Management |
| Statement of responsibility, etc. | Connolly, Thomas M. |
| 250 ## - EDITION STATEMENT | |
| Edition statement | Third Ed |
| 260 ## - PUBLICATION, DISTRIBUTION, ETC. | |
| Place of publication, distribution, etc. | India |
| Name of publisher, distributor, etc. | Pearson Education |
| Date of publication, distribution, etc. | 2002 |
| Withdrawn status | Lost status | Source of classification or shelving scheme | Damaged status | Not for loan | Permanent Location | Current Location | Shelving location | Date acquired | Full call number | Barcode | Date last seen | Price effective from | Koha item type |
|---|---|---|---|---|---|---|---|---|---|---|---|---|---|
| NUST Baluchistan Campus (NBC) | NUST Baluchistan Campus (NBC) | General Stacks | 12/17/2013 | 005.74CON | RCMS000983 | 12/17/2013 | 12/17/2013 | Book |
